Sports Quiz

Random Sports or Football Quiz
Score 0/100 Timer 04:00
0 Plays Today
% Correct
Texas
97%
Texas
97%
Michigan
95.3%
Michigan
95.2%
Michigan
95.2%
Michigan
95.2%
Michigan
95.2%
Michigan
95.2%
Michigan
95.2%
Alabama
95%
Alabama
95%
Alabama
95%
USC
94.7%
USC
94.7%
USC
94.7%
USC
94.7%
USC
94.7%
Florida State
94.5%
Florida State
94.5%
Florida State
94.5%
Florida State
94.5%
Ohio State
93.7%
Ohio State
93.7%
Ohio State
93.7%
Ohio State
93.7%
Oklahoma
92.7%
Oklahoma
92.7%
Oklahoma
92.7%
Oklahoma
92.7%
Oklahoma
92.7%
Oklahoma
92.7%
UCLA
91.9%
UCLA
91.9%
UCLA
91.9%
% Correct
UCLA
91.9%
UCLA
91.9%
Miami (Fla.)
91%
Miami (Fla.)
91%
Miami (Fla.)
91%
Miami (Fla.)
91%
Miami (Fla.)
91%
Miami (Fla.)
91%
Miami (Fla.)
91%
Georgia
88%
Georgia
88%
Georgia
88%
Georgia
88%
Michigan State
87.3%
Penn State
87.1%
Penn State
87.1%
Penn State
87.1%
Penn State
87.1%
Penn State
87.1%
Nebraska
86.4%
Nebraska
86.4%
Nebraska
86.4%
Nebraska
86.4%
Nebraska
86.4%
Nebraska
86.4%
Nebraska
86.4%
Nebraska
86.4%
Nebraska
86.4%
Washington
85.8%
Washington
85.8%
Washington
85.8%
Notre Dame
85%
Notre Dame
85%
Notre Dame
85%
% Correct
Notre Dame
85%
LSU
82.5%
LSU
82.5%
LSU
82.5%
Texas A&M
81.7%
Texas A&M
81.7%
Texas A&M
81.7%
Auburn
80%
Auburn
80%
Auburn
80%
Auburn
80%
Tennessee
77.8%
Tennessee
77.8%
Iowa
75.8%
Iowa
75.8%
Arizona State
75.1%
Arizona State
75.1%
Colorado
70.6%
Arkansas
70.6%
Arkansas
70.6%
Arkansas
70.6%
Clemson
68%
Illinois
67.4%
Pittsburgh
59.8%
Pittsburgh
59.8%
Pittsburgh
59.8%
Syracuse
56.6%
SMU
53.5%
Boston College
52.7%
Baylor
50.4%
West Virginia
50%
Houston
40.8%
Remove Ads.
Support Sporcle.
Get the best of Sporcle when you Go Orange. This ad-free experience offers more features, more stats, and more fun while also helping to support Sporcle. Thank you for becoming a member.

You're not logged in!

Compare scores with friends on all Sporcle quizzes.
OR
Log In

Sporcle TV

Today on Sporcle TV


Watch our educational content, quiz creation guides, and fun videos on Sporcle TV.

Show Comments

Extras

Top Quizzes Today


Score Distribution

Paid Content

Your Account Isn't Verified!

In order to create a playlist on Sporcle, you need to verify the email address you used during registration. Go to your Sporcle Settings to finish the process.

Report this User

Report this user for behavior that violates our Community Guidelines.

Details: